|
|
|
|
| LEADER |
00000cam a2200000 7i4500 |
| 001 |
0000005943 |
| 002 |
000006418 |
| 005 |
20000330.0 |
| 020 |
|
|
|a 1855012243
|
| 090 |
0 |
0 |
|a 796.3523
|b LEW
|
| 100 |
1 |
|
|a Lewis, Beverly
|
| 245 |
1 |
0 |
|a How to break 90 :
|b the mental and tactical approach
|c Beverly Lewis
|
| 260 |
|
|
|a London :
|b Tiger Books International ,
|c 1992
|
| 300 |
|
|
|a 80p. :
|b ill. ;
|c 22cm.
|
| 490 |
0 |
|
|a Play Better Golf
|
| 650 |
0 |
0 |
|a Golf(Tactics of play)
|
| 999 |
|
|
|a 030983
|b BUKU
|c PINJAMAN
|e PERPUSTAKAAN KOMUNITI PETALING JAYA
|
| 999 |
|
|
|a 030984
|b BUKU
|c PINJAMAN
|e PERPUSTAKAAN KOMUNITI PETALING JAYA
|